Buku Revisi Tamadun Islam dan tamadun Asia (TITAS) / (Record no. 2614)
[ view plain ]
| 000 -LEADER | |
|---|---|
| fixed length control field | 00867nam a22002777a 4500 |
| 001 - CONTROL NUMBER | |
| control field | vtls000560076 |
| 003 - CONTROL NUMBER IDENTIFIER | |
| control field | OSt |
| 005 - DATE AND TIME OF LATEST TRANSACTION | |
| control field | 20251211155322.0 |
| 008 - FIXED-LENGTH DATA ELEMENTS--GENERAL INFORMATION | |
| fixed length control field | 251211b |||||||| |||| 00| 0 eng d |
| 020 ## - INTERNATIONAL STANDARD BOOK NUMBER | |
| International Standard Book Number | 9789834715137 |
| 040 ## - CATALOGING SOURCE | |
| Original cataloging agency | MIU |
| Transcribing agency | MIU |
| 050 ## - LIBRARY OF CONGRESS CALL NUMBER | |
| Classification number | DS36.85 |
| Item number | .A286 2015 |
| 082 ## - DEWEY DECIMAL CLASSIFICATION NUMBER | |
| Classification number | 909.097671 |
| 100 ## - MAIN ENTRY--PERSONAL NAME | |
| Personal name | Ahmad Zaki Abd. Latif |
| 245 ## - TITLE STATEMENT | |
| Title | Buku Revisi Tamadun Islam dan tamadun Asia (TITAS) / |
| Statement of responsibility, etc. | Ahmad Zaki Abd. Latiff, Azam Hamzah, Azhar Mad Aros. |
| 250 ## - EDITION STATEMENT | |
| Edition statement | 3rd edition |
| 260 ## - PUBLICATION, DISTRIBUTION, ETC. | |
| Place of publication, distribution, etc. | Shah Alam : |
| Name of publisher, distributor, etc. | Oxford Fajar, |
| Date of publication, distribution, etc. | 2015 |
| 300 ## - PHYSICAL DESCRIPTION | |
| Extent | 94p. : |
| Other physical details | ilL, maps ; |
| Dimensions | 24cm. |
| 501 ## - WITH NOTE | |
| With note | Model jawapan Lengkap |
| 650 ## - SUBJECT ADDED ENTRY--TOPICAL TERM | |
| Topical term or geographic name entry element | Islamic civilization |
| General subdivision | Study and teaching (Higher) |
| 650 ## - SUBJECT ADDED ENTRY--TOPICAL TERM | |
| Topical term or geographic name entry element | Civilization, Oriental |
| General subdivision | Study and teaching (Higher) |
| 651 ## - SUBJECT ADDED ENTRY--GEOGRAPHIC NAME | |
| Geographic name | Asia |
| General subdivision | Civilization |
| 700 ## - ADDED ENTRY--PERSONAL NAME | |
| Personal name | Azam Hamzah |
| 700 ## - ADDED ENTRY--PERSONAL NAME | |
| Personal name | Azhar Mad Aros |
| 942 ## - ADDED ENTRY ELEMENTS (KOHA) | |
| Source of classification or shelving scheme | Library of Congress Classification |
| Koha item type | Book |
| Withdrawn status | Lost status | Source of classification or shelving scheme | Damaged status | Not for loan | Home library | Current library | Shelving location | Date acquired | Total Checkouts | Full call number | Barcode | Date last seen | Price effective from | Koha item type |
|---|---|---|---|---|---|---|---|---|---|---|---|---|---|---|
| Library of Congress Classification | MILA University Central Library | MILA University Central Library | General Stacks | 11/12/2025 | DS36.85 .A286 2015 | 0003579 | 11/12/2025 | 11/12/2025 | Book |
